| 000 | 00772nam a2200205Ia 4500 | ||
|---|---|---|---|
| 003 | GCL | ||
| 008 | 140319s9999 xx 000 0 ara d | ||
| 040 |
_aGCL / _cGCL |
||
| 082 | 0 | 4 |
_a001.6424 _bع د |
| 100 | 1 | _aحسين حسن بركات | |
| 245 | 1 | 0 |
_aالدليل العربى لاستخدام برنامج معالجة الكلمات Release, Wordstar 2000 / _cحسين حسن بركات |
| 700 | 1 | _aعزة عبدالمنعم هلال | |
| 260 |
_a[S.N] : _bمؤسسة جمال الجاسم للالكترونيات ، _c1992 |
||
| 300 | _a416 ص | ||
| 490 | _a | ||
| 650 | 0 | 4 | _aالحاسبات الالكترونية |
| 650 | 0 | 4 | _aبرنامج معالجة الكلمات |
| 650 | 0 | 4 | _aالحاسبات الالكترونية - برامج |
| 942 |
_2ddc _cBK |
||
| 999 |
_c38866 _d38866 |
||